<La> boîte a outils du chef de produit

Enregistré dans:
Détails bibliographiques
Auteur principal: Van Laethem, Nathalie
Autres auteurs: Moran, Stéphanie
Format: Livre
Langue:français
Publié: Paris DUNOD 2010
Sujets:
Tags: Ajouter un tag
Pas de tags, Soyez le premier à ajouter un tag!

MARC

LEADER 00000nam a2200000 4500
001 0124836
005 20231215113633.2
020 |a 978-2-10-054390-8 
041 0 |a fre 
044 |a FR 
245 1 0 |a <La> boîte a outils du chef de produit  |c Nathalie Van Laethem, Stéphanie Moran 
264 1 |a Paris  |b DUNOD  |c 2010 
300 |a 190 s. 
610 2 0 |a produkty 
610 2 0 |a výrobky 
610 2 0 |a politika výrobková 
610 2 0 |a politika výrobná 
610 2 0 |a marketing 
100 1 |a Van Laethem, Nathalie 
700 1 |a Moran, Stéphanie